000 00518nam a2200181Ia 4500
005 20250326123953.0
008 250326s9999 xx 000 0 und d
037 _aTextbook
040 _aFMSL
_beng
_cFMSL
041 _aeng
_2eng
084 _aXp.52N77 L7
_qFMSL
100 _aPearce D W
245 0 _aResource conservation: social and economic dimensions of recycling
_cPearce D W
260 _aNY
_bNY, Longman
_c1977
300 _a383p
942 _cTB
_hXp.52N77 L7
999 _c1271702
_d1271702